| 000 | 00550pab a2200193 454500 | ||
|---|---|---|---|
| 008 | 180718b2010 xxu||||| |||| 00| 0 eng d | ||
| 100 | _aAgarwal, Manoj Kumar | ||
| 245 | _aInformal sector and income generation in Nepal--A case of Chitwan district | ||
| 260 | _c2010 | ||
| 300 | _ap.267-284. | ||
| 362 | _aApr-Jun | ||
| 650 | _aIncome distribution - Nepal | ||
| 650 | _aInformal sector - Nepal | ||
| 650 | _aInformal sector | ||
| 700 | _aDhakal, Ram Chandra | ||
| 773 | _aIndian Journal of Labour Economics | ||
| 908 | _aN | ||
| 909 | _a90287 | ||
| 999 |
_c90287 _d90287 |
||